000 02915nam0a2200373 4500
001 RU\NLR\BIBL_A\022585240
005 20260420050828.0
010 _a978-5-907866-36-2
_9114
021 _aRU
_bКН-П-25-029659
_9КН-П-25-2927
035 _a(NLR Aleph) 022585240
090 _a13678054
_c13678054
100 _a20250715d2024 k y0rusy50 ca
101 0 _arus
102 _aRU
105 _aa j 000yy
181 0 _ai3
_baxxe
182 0 _an
200 1 _aАктуальные вопросы деятельности подразделений патрульно-постовой службы полиции
_eучебное пособие
_eпо специальностям 40.05.01 Правовое обеспечение национальной безопасности, 38.05.01 Экономическая безопасность, а также по направлению подготовки 40.03.02 Обеспечение законности и правопорядка
_fИ. И. Литвин, кандидат юридических наук, Ю. А. Макарова, кандидат юридических наук, Т. А. Леонова [и др.]
_gФедеральное государственное казённое образовательное учреждение высшего образования "Уральский юридический институт Министерства внутренних дел Российской Федерации", Кафедра административного права и административной деятельности органов внутренних дел
203 _aТекст
_bвизуальный
_cнепосредственный
210 _aЕкатеринбург
_cУральский юридический институт МВД России
_d2024
215 _a220 с.
_cил.
_d20
300 _aАвт. указаны на обороте тит. с.
320 _aБиблиогр.: с. 214-220 (78 назв.)
606 1 _aПолиция
_jУчебные издания для высших учебных заведений
_xПатрульно-постовая служба
_yРоссийская Федерация
_92140574
_3RU\NLR\AUTH\661594740
686 1 _aХ621.163.1я73
701 1 _aЛитвин
_bИ. И.
_fИлья Ильич
701 1 _7ca
_8rus
_aМакарова
_bЮ. А.
_cканд. юрид. наук
_f1988-
_gЮлия Альтафовна
_92653341
_3RU\NLR\AUTH\770281374
701 1 _aЛеонова
_bТ. А.
_cюрист, адм. право
_gТатьяна Алексеевна
_9254943
_3RU\NLR\AUTH\770254999
712 0 2 _4475
_aУральский юридический институт
_cЕкатеринбург
_9483722
_3RU\NLR\AUTH\889993612
942 _cBOOK
980 _aNB